000 00354cam a22001217a 4500
008 180718b1974 xxu||||| |||| 00| 0 eng d
082 _aT000x5 R246
100 _aReddy, V.E.
245 _aSociological aspects of Asian development
_cby V.E. Reddy
260 _aDelhi
_bMunshiram Manoharlal
_c1974
300 _a106p.
650 _aEconomic development - Asia
999 _c352291
_d352291